Trouve tous les personnages Harry Potter - Statistiques

Statistiques générales
  • Ce quiz a été pris 1 162 fois
  • Le résultat moyen est 84 sur 133
Statistiques - réponses
Hint Réponse % Correct
1 Harry Potter
100%
3 Hermione Granger
99%
2 Ron Weasley
99%
20 Albus Dumbledore
96%
21 Severus Rogue
95%
12 Fred weasley
94%
13 George Weasley
94%
5 Ginny Weasley
94%
4 Neville Londubat
93%
16 Sirius Black
93%
14 James Potter
92%
15 Lily Potter
92%
6 Luna Lovegood
92%
23 Minerva Mcgonagall
92%
7 Molly Weasley
92%
8 Arthur Weasley
91%
9 Bill Weasley
91%
30 Drago Malefoy
90%
11 Percy Weasley
90%
10 Charlie Weasley
89%
31 Lucius Malefoy
89%
22 Rubeus Hagrid
89%
29 Voldemort
89%
33 Bellatrix Lestrange
88%
56 Fleur Delacour
88%
32 Narcissa Malefoy
87%
17 Rémus Lupin
87%
53 Dolores Ombrage
85%
19 Peter Pettigrow
84%
59 Viktor Krum
84%
54 Cédric Diggory
83%
38 Cho Chang
83%
46 Alastor Maugrey
82%
115 Dobby
82%
116 Hedwige
82%
18 Nymphadora Tonks
82%
41 Gregory Goyle
79%
40 Vincent Crabbe
78%
37 Dean Thomas
77%
45 Gilderoy Lockhart
77%
78 Godric Gryffondor
77%
67 Petunia Dursley
77%
44 Quirinus Quirell
77%
79 Salazar Serpentard
77%
36 Seamus Finnigan
77%
66 Vernon Dursley
76%
60 Igor Karkaroff
74%
81 Rowena Serdaigle
74%
124 Buck
73%
24 Filius Flitwick
73%
80 Helga Poufsouffle
73%
119 Nick Quasi sans tete
73%
125 Pattenrond
73%
70 Cornelius Fudge
72%
50 Lavande Brown
71%
25 Pomona Chourave
71%
35 Sibylle Trelawney
71%
47 Horace Slughorn
70%
126 Kreattur
70%
58 Olympe Maxime
70%
49 Parvati Patil
70%
42 Abelforth Dumbledore
69%
48 Padma Patil
69%
39 Pansy Parkinson
68%
26 Renée Bibine
68%
28 Argus Rusard
67%
34 Xenophilius Lovegood
67%
102 Angelina Johnson
66%
55 Amos Diggory
64%
120 Le baron sanglant
64%
118 Mimi Geignarde
64%
62 Olivier Dubois
62%
57 Gabrielle Delacour
60%
82 Helena Serdaigle
59%
117 Nagini
59%
122 Peeves
59%
63 Kingsley Shackalebolt
57%
43 Ariana Dumbledore
56%
88 Bartemius Croupton
56%
61 Colin Crivey
56%
131 Firenze
56%
51 Garrick Ollivander
56%
101 Lee Jordan
56%
65 Dudley Dursley
55%
84 Katie Bell
55%
74 Alecto Carrow
54%
27 Poppy Pomfresh
53%
73 Amycus Carrow
52%
69 Rufus Scrimgeour
52%
72 Fenrir Greyback
51%
121 Le moine gras
51%
127 Crockdur
50%
75 Rita Skeeter
49%
68 Marjorie Dursley
48%
71 Mondingus Fletcher
48%
94 Bathilda Toudesac
47%
98 Regulus Black
47%
99 Cuthber Binns
46%
97 Gellert Grindelwald
46%
92 Hannah Habbot
46%
128 Touffu
45%
95 Alice Londubat
44%
100 Blaise Zabini
43%
132 Graup
43%
129 Aragog
42%
103 Cormac Mclaggen
42%
111 Albus Severus Potter
39%
130 Fumseck
39%
109 Rose Weasley
39%
77 Antonin Dolohov
37%
123 Miss teigne
37%
85 Arabella Figg
36%
133 Errol
36%
112 James Sirius Potter
36%
91 Justin Flintch
36%
64 Stan Rocade
36%
96 Franck Londubat
35%
110 Hugo Weasley
35%
113 Lily Luna Potter
35%
76 Irma Pince
33%
108 Elvis Gaunt
32%
107 Elphias Doge
31%
114 Scorpius Malefoy
30%
105 Marcus Flint
27%
104 Ignotus Peverell
26%
83 Ludovic Verpey
26%
89 Charity Burbage
22%
93 Mafalda Hopkrick
22%
86 Romilda Vane
22%
90 Penelope Deauclaire
21%
52 Nicolas Flamel
20%
87 Armando Dippet
15%
106 Milicent Bulstrode
15%
Aucun quiz correspondant
Distribution des résultats
% des personnes avec chaque résultat
Percentile par nombre de réponses
Votre historique - résultats
Vous n’avez pas pris ce quiz